Statistics for Countries by hint #1

Click here to take the quiz!

General Stats

  • This quiz has been taken 20 times
  • The average score is 7 of 15

Answer Stats

HintAnswer% Correct
In this country Albert Einstein was born.Germany
86%
The famous building 'Taj Mahal' was built this country.India
86%
The flag of this country is shaped differently compared to other flags.Nepal
79%
This country only borders South Africa and Mozambique.Eswatini
71%
This country has the highest amount of letters when using the formal name.United Kingdom
64%
This country is the second biggest country of South America.Argentina
57%
This country owns the most populated island.Indonesia
57%
This country is the biggest landlocked country in Europe.Belarus
43%
This country has the lowest GDP per capita.Burundi
36%
Spitsbergen is a territory of this country.Norway
36%
This country has the most amount of islands.Sweden
36%
This country is the world's tallest nation.The Netherlands
36%
This country only has the colors green and red in it's flag.Bangladesh
14%
This country is the only country without having any red, blue or white in it's flag.Jamaica
14%
This country has the highest % of forest area.Suriname
7%

Score Distribution

Percentile by Number Answered

Percent of People with Each Score

Your Score History

You have not taken this quiz